| 000 | 00581nam a2200169 4500 | ||
|---|---|---|---|
| 001 | 132840 | ||
| 003 | ES-MaACL | ||
| 007 | t| | ||
| 008 | 070214s1969 mx r ||||1| spa d | ||
| 100 | 1 |
_aRosenthal, Irving. _999761 |
|
| 245 | 1 | 0 |
_aRedacción de cartas comerciales simplificadas / _cIrving Rosenthal, Harry W. Rudman ; traducción de Edmundo Sánchez. |
| 260 |
_aMéxico : _bCompañía General de Ediciones, _c1969. |
||
| 300 |
_a182 p. : _bil. ; _c27 cm. |
||
| 700 | 1 |
_aRudman, Harry W. _9100494 |
|
| 700 | 1 |
_aSánchez, Edmundo. _9102354 |
|
| 852 |
_aES-MaACL _jE-9195 _bR.93799 |
||
| 999 |
_c132840 _d132840 |
||